Baz gasht (Record no. 16781)

000 -LEADER
fixed length control field 00408nam a22001817a 4500
003 - CONTROL NUMBER IDENTIFIER
control field NUST
008 - FIXED-LENGTH DATA ELEMENTS--GENERAL INFORMATION
fixed length control field 140106t xxu||||| |||| 00| 0 eng d
020 ## - INTERNATIONAL STANDARD BOOK NUMBER
International Standard Book Number 969-35-0086-5
038 ## - RECORD CONTENT LICENSOR
Staff Name ASAB
082 ## - DEWEY DECIMAL CLASSIFICATION NUMBER
Classification number Fic
100 ## - MAIN ENTRY--PERSONAL NAME
Personal name Bano Qudsiya
9 (RLIN) 510
240 ## - UNIFORM TITLE
Uniform title Baaz gasht
245 ## - TITLE STATEMENT
Title Baz gasht
246 ## - VARYING FORM OF TITLE
Title proper/short title baazgasht
260 ## - PUBLICATION, DISTRIBUTION, ETC.
Place of publication, distribution, etc. Lahore
Name of publisher, distributor, etc. Sang E Meel Publishers
Date of publication, distribution, etc. 2011
300 ## - PHYSICAL DESCRIPTION
Extent 299 p
942 ## - ADDED ENTRY ELEMENTS (KOHA)
Source of classification or shelving scheme
Koha item type Book
Holdings
Withdrawn status Lost status Source of classification or shelving scheme Damaged status Not for loan Collection code Permanent Location Current Location Date acquired Total Checkouts Full call number Barcode Date last seen Price effective from Koha item type
            Atta-ur-Rahman School of Applied Biosciences (ASAB) Atta-ur-Rahman School of Applied Biosciences (ASAB) 01/06/2014   Fic Qudsiya ASAB2447 01/06/2014 01/06/2014 Book
            Atta-ur-Rahman School of Applied Biosciences (ASAB) Atta-ur-Rahman School of Applied Biosciences (ASAB) 01/06/2014   Fic Qudsiya ASAB2446 01/06/2014 01/06/2014 Book
            Atta-ur-Rahman School of Applied Biosciences (ASAB) Atta-ur-Rahman School of Applied Biosciences (ASAB) 01/06/2014   Fic Qudsiya ASAB2445 01/06/2014 01/06/2014 Book
            Atta-ur-Rahman School of Applied Biosciences (ASAB) Atta-ur-Rahman School of Applied Biosciences (ASAB) 01/06/2014   Fic Qudsiya ASAB2444 01/06/2014 01/06/2014 Book
            Atta-ur-Rahman School of Applied Biosciences (ASAB) Atta-ur-Rahman School of Applied Biosciences (ASAB) 01/06/2014   Fic Qudsiya ASAB2443 09/26/2018 01/06/2014 Book
© 2023 Central Library, National University of Sciences and Technology. All Rights Reserved.